| 000 | 01503nam a2200325 c 4500 | ||
|---|---|---|---|
| 003 | BLK | ||
| 005 | 20180422100458.0 | ||
| 008 | 180408b bul|||||r ||||||| ||bul|| | ||
| 010 | _aKNG00039890000 | ||
| 040 | _aBLK | ||
| 041 |
_aENG _cENG _hBUL |
||
| 080 |
_aЛексикология. Езикови речници и разговорници. Лексикография _b81`374 _x=111=163.2 _z81`374=111=163.2 |
||
| 100 | 1 |
_aАлексиева, Маргарита Панчова _eпърви автор _9275124 |
|
| 700 | 1 |
_aАтанасов, Боян Василев _eсъавт. _9367302 |
|
| 700 | 1 |
_aПожарлиева, Марджъри Г. _eсъавт. _9275125 |
|
| 139 |
_aАлексиева, Маргарита Панчова и др. _bА 52 |
||
| 245 | 1 | 0 |
_aАнгло-български тематичен речник _cМаргарита Панчова Алексиева; съавт. Боян Василев Атанасов; съавт. Марджъри Г. Пожарлиева. |
| 257 | _aBGR | ||
| 260 |
_аСофия _bНар. просв. _c1969 |
||
| 300 |
_a559 с. _c21 см |
||
| 380 | _a80 | ||
| 650 | 4 |
_aАнглийски език - речници, английско-български, тематични _9275126 |
|
| 653 | _aанглийско-български речници | ||
| 653 | _aтематични речници | ||
| 852 | _aЦб 52319 | ||
| 856 | 4 |
_qpdf _u |
|
| 856 | 4 |
_qpdf _u |
|
| 942 |
_cKNG _n0 |
||
| 944 |
_aCR _c15.01.2003 _kВалентина_Караджова |
||
| 944 |
_aED _c18.08.2011 _k |
||
| 999 |
_c36772 _d36772 |
||